Statistiques concernant salutation dans 15 langues différentes

Cliquez ici pour prendre le quiz!

Statistiques générales

  • Ce quiz a été pris 62 fois
  • Le résultat moyen est 5 sur 15

Statistiques - réponses

LangueSalutation% Correct
francaisbonjour
98%
anglaishello
98%
néerlandaishello
98%
espagnolhola
88%
allemandguten tag
40%
portugaisola
35%
italienbuongiorno
26%
chinoisni hao
21%
japonaiskonnichiwa
16%
suédoishej
5%
hindinamaste
5%
arabeas salamu alaykum
2%
swakilijambo
2%
russezdravstvuyte
2%
turcmerheba
0%

Distribution des résultats

Percentile par nombre de réponses

% des personnes avec chaque résultat

Votre développement - résultats

Vous n’avez pas pris ce quiz